[Event "Quebec op"]
[Site "Longueuil CAN"]
[Date "2018.07.21"]
[Round "1.20"]
[White "Acosta, Mariano"]
[Black "Soudre, Nicolas"]
[Result "0-1"]
[WhiteElo "1802"]
[BlackElo "2080"]
[PlyCount "92"]
[EventDate "2018.07.21"]
[EventType "swiss"]
[EventRounds "9"]
[EventCountry "CAN"]

1. d4 e6 2. Nf3 Nf6 3. Bg5 Be7 4. Nbd2 d5 5. e3 c5 6. c3 b6 7. Bd3 Bb7 8. Ne5
O-O 9. f4 Ne4 10. Bxe7 Qxe7 11. Bxe4 dxe4 12. O-O f6 13. Ng4 Nd7 14. Nf2 f5 15.
g4 Nf6 16. g5 Nd5 17. Qe2 a5 18. Rfc1 Ba6 19. Qe1 Rfd8 20. a3 a4 21. b4 axb3
22. Nxb3 c4 23. Nd2 Rdc8 24. Ra2 Bb5 25. Nb1 Ba4 26. Rb2 Bb3 27. Nh1 e5 28.
fxe5 Qxg5+ 29. Rg2 Qxe3+ 30. Qxe3 Nxe3 31. Re2 Nd5 32. Ng3 Nf4 33. Re3 g6 34.
Rf1 Nd5 35. Re2 Ra7 36. h4 b5 37. h5 b4 38. cxb4 c3 39. Rc1 c2 40. Nd2 Rxa3 41.
hxg6 hxg6 42. Kg2 Kf7 43. Ngxe4 fxe4 44. Nxe4 Rca8 45. Rf1+ Kg7 46. e6 Ra1 0-1

[Event "Quebec op"]
[Site "Longueuil CAN"]
[Date "2018.07.21"]
[Round "1.21"]
[White "Van Hoolandt, Patrick"]
[Black "Vignalou, Joseph"]
[Result "1-0"]
[WhiteElo "2065"]
[BlackElo "1754"]
[PlyCount "69"]
[EventDate "2018.07.21"]
[EventType "swiss"]
[EventRounds "9"]
[EventCountry "CAN"]

1. d4 Nf6 2. c4 e6 3. Nf3 d5 4. Nc3 Be7 5. Qc2 O-O 6. Bg5 h6 7. Bh4 c5 8. cxd5
cxd4 9. Nxd4 Nxd5 10. Bxe7 Qxe7 11. Nxd5 exd5 12. e3 Nc6 13. Rd1 Qb4+ 14. Qc3
Nxd4 15. Rxd4 Qxc3+ 16. bxc3 Be6 17. Kd2 Rfc8 18. Bd3 Rc5 19. Rb1 b6 20. Ra4
Bd7 21. Ra3 b5 22. Ra5 a6 23. Rb3 Rc6 24. Bxb5 Rd6 25. Bxd7 Rxd7 26. Rb6 Kf8
27. Kd3 Ke7 28. a4 Rd6 29. Rxd6 Kxd6 30. Kd4 Ra7 31. Rxd5+ Kc6 32. Rc5+ Kd6 33.
e4 Rd7 34. Rd5+ Kc6 35. Rxd7 1-0

[Event "Quebec op"]
[Site "Longueuil CAN"]
[Date "2018.07.21"]
[Round "1.22"]
[White "Goldner, John"]
[Black "Robichaud, Louis"]
[Result "0-1"]
[WhiteElo "1743"]
[BlackElo "2060"]
[PlyCount "88"]
[EventDate "2018.07.21"]
[EventType "swiss"]
[EventRounds "9"]
[EventCountry "CAN"]

1. e4 e5 2. Nf3 Nc6 3. Bb5 a6 4. Ba4 Nf6 5. d3 Bc5 6. c3 b5 7. Bc2 d5 8. O-O
dxe4 9. dxe4 Qe7 10. h3 O-O 11. Qe2 Be6 12. Bg5 h6 13. Bh4 g5 14. Nxg5 hxg5 15.
Bxg5 Kg7 16. Qf3 Rg8 17. Nd2 Kg6 18. h4 Bg4 19. Bxf6 Qe6 20. Bb3 Bxf3 21. Bxe6
Kxf6 22. Bd5 Bxg2 23. Kh2 Bxf1 24. Rxf1 Ne7 25. Bxa8 Rxa8 26. f4 exf4 27. Rxf4+
Ke6 28. Rf1 Rh8 29. Nf3 f6 30. Kh3 Ng6 31. Kg4 Be3 32. Rh1 Ne5+ 33. Nxe5 Kxe5
34. Kf3 Bc5 35. h5 Bf8 36. b3 Bh6 37. Rd1 c6 38. Rd7 Bg5 39. Kg4 Kxe4 40. Ra7
Bf4 41. Re7+ Be5 42. Rd7 Rg8+ 43. Kh4 Kf3 44. h6 Rg5 0-1

[Event "Quebec op"]
[Site "Longueuil CAN"]
[Date "2018.07.21"]
[Round "1.23"]
[White "Malek, Omid"]
[Black "Lemieux, Serge"]
[Result "1-0"]
[WhiteElo "2055"]
[BlackElo "1702"]
[PlyCount "55"]
[EventDate "2018.07.21"]
[EventType "swiss"]
[EventRounds "9"]
[EventCountry "CAN"]

1. Nf3 d5 2. b3 Nc6 3. Bb2 e6 4. e3 a6 5. a3 Nf6 6. d4 Be7 7. Nbd2 b5 8. Bd3
Bb7 9. Qe2 Qd7 10. Rd1 Rd8 11. O-O O-O 12. Rfe1 Qc8 13. c4 dxc4 14. bxc4 bxc4
15. Nxc4 Rfe8 16. Rc1 Qa8 17. Ncd2 Rd7 18. Bc2 Na7 19. Ne5 Rdd8 20. Ndf3 Bxf3
21. Nxf3 Nb5 22. Bd3 c6 23. Ne5 Bxa3 24. Bxa3 Nxa3 25. Rxc6 Nb5 26. Ra1 Rc8 27.
Bxb5 a5 28. Ra6 1-0

[Event "Quebec op"]
[Site "Longueuil CAN"]
[Date "2018.07.21"]
[Round "1.24"]
[White "Bremner, William"]
[Black "Babb, Jeff"]
[Result "1/2-1/2"]
[WhiteElo "1684"]
[BlackElo "2054"]
[PlyCount "82"]
[EventDate "2018.07.21"]
[EventType "swiss"]
[EventRounds "9"]
[EventCountry "CAN"]

1. d4 Nf6 2. c4 e5 3. dxe5 Ng4 4. Bf4 Nc6 5. Nf3 Bb4+ 6. Nbd2 Qe7 7. e3 Ngxe5
8. Nxe5 Nxe5 9. Be2 O-O 10. O-O a5 11. Nb3 d6 12. a3 Bc5 13. Nxc5 dxc5 14. Qc2
Ng6 15. Bg3 f5 16. Rad1 Be6 17. Bf3 Rab8 18. Qa4 Qf7 19. b3 b6 20. Qc6 Rbc8 21.
Bd5 Bxd5 22. Qxd5 Qxd5 23. Rxd5 f4 24. exf4 Nxf4 25. Bxf4 Rxf4 26. Rfd1 a4 27.
g3 Rf3 28. R1d3 Rxd3 29. Rxd3 axb3 30. Rxb3 Rd8 31. Re3 Kf7 32. Rf3+ Ke6 33.
Re3+ Kf6 34. Rf3+ Kg6 35. Re3 Rd1+ 36. Kg2 Rc1 37. Re7 Rxc4 38. Rxc7 b5 39. Rb7
b4 40. axb4 cxb4 41. h4 h5 1/2-1/2

[Event "Quebec op"]
[Site "Longueuil CAN"]
[Date "2018.07.22"]
[Round "2.2"]
[White "Mikhalevski, Victor"]
[Black "Ouellet, Maili-Jade"]
[Result "1-0"]
[WhiteElo "2583"]
[BlackElo "2197"]
[PlyCount "139"]
[EventDate "2018.07.21"]
[EventType "swiss"]
[EventRounds "9"]
[EventCountry "CAN"]

1. c4 e6 2. g3 d5 3. Bg2 Nf6 4. Nf3 Be7 5. O-O O-O 6. b3 c5 7. cxd5 Nxd5 8. Nc3
Nc6 9. Bb2 Bf6 10. Qc2 b6 11. Rfd1 Bb7 12. Nxd5 Bxb2 13. Qxb2 Qxd5 14. Ne5 Qxe5
15. Qxe5 Nxe5 16. Bxb7 Rad8 17. d3 Rd7 18. Bg2 Rfd8 19. Rdc1 Rd4 20. a3 g5 21.
Rc3 R8d7 22. Kf1 Kg7 23. Ke1 h5 24. Kd2 h4 25. Rg1 Kf8 26. Ba8 f6 27. Rf1 g4
28. Bg2 Ke7 29. Kc2 Kd8 30. gxh4 Rh7 31. h3 Rxh4 32. hxg4 Nxg4 33. Kd2 Rh2 34.
Bf3 Nxf2 35. Rg1 f5 36. Rc4 Rd7 37. Kc3 Rh8 38. b4 cxb4+ 39. axb4 e5 40. Rf1
Rh2 41. Rg1 Rh8 42. Rf1 Rh2 43. Rg1 Rh8 44. Bc6 Rc7 45. Rg5 Rf8 46. b5 Nh3 47.
Rg3 Nf4 48. Kd2 Re7 49. Re3 Rh8 50. Rc1 Rh2 51. Rf1 Re6 52. Rxf4 Rxc6 53. Rxe5
Rd6 54. Rfxf5 Rh8 55. Rf7 Rd7 56. Ref5 Rh7 57. Rxh7 Rxh7 58. d4 Rd7 59. Kd3 Ke7
60. e4 Rc7 61. Rh5 Kf6 62. e5+ Kg6 63. Rh1 Kf5 64. Rf1+ Ke6 65. Rf6+ Ke7 66.
Rc6 Rd7 67. Ke4 Rb7 68. Rh6 Kf8 69. d5 Rc7 70. d6 1-0

[Event "Quebec op"]
[Site "Longueuil CAN"]
[Date "2018.07.22"]
[Round "2.4"]
[White "Sambuev, Bator"]
[Black "Luksza, Arkadiusz"]
[Result "1-0"]
[WhiteElo "2514"]
[BlackElo "2106"]
[PlyCount "63"]
[EventDate "2018.07.21"]
[EventType "swiss"]
[EventRounds "9"]
[EventCountry "CAN"]

1. d4 d5 2. c4 c6 3. Nf3 Nf6 4. e3 e6 5. Nbd2 Nbd7 6. Bd3 Bd6 7. O-O O-O 8. e4
dxe4 9. Nxe4 Nxe4 10. Bxe4 f5 11. Bc2 e5 12. c5 Be7 13. Bb3+ Kh8 14. Nxe5 Nxe5
15. dxe5 Qc7 16. Qd4 b6 17. cxb6 axb6 18. Bf4 c5 19. e6 Qa7 20. Qc3 Bf6 21. Be5
Qe7 22. Bd5 Ra4 23. Rfe1 Rg4 24. Bxf6 Rxf6 25. Qe5 h6 26. h3 Rd4 27. Rad1 Rxd1
28. Rxd1 Kh7 29. Re1 Rf8 30. a4 g6 31. b4 Rd8 32. a5 1-0

[Event "Quebec op"]
[Site "Longueuil CAN"]
[Date "2018.07.22"]
[Round "2.6"]
[White "Cherniaev, Alexander"]
[Black "Van Hoolandt, Patrick"]
[Result "1-0"]
[WhiteElo "2421"]
[BlackElo "2065"]
[PlyCount "99"]
[EventDate "2018.07.21"]
[EventType "swiss"]
[EventRounds "9"]
[EventCountry "CAN"]

1. d4 Nf6 2. c4 e6 3. g3 d5 4. Nf3 dxc4 5. Bg2 Bb4+ 6. Bd2 a5 7. O-O Nc6 8. Bg5
O-O 9. Nc3 Rb8 10. Nb5 Ne7 11. a3 Bd6 12. Bxf6 gxf6 13. Qc2 Bd7 14. Qxc4 Bc6
15. Rfd1 Nc8 16. Nc3 Qe8 17. d5 exd5 18. Nxd5 Bxd5 19. Rxd5 b5 20. Qg4+ Kh8 21.
Qh4 Rg8 22. Rh5 Rg7 23. Nd4 Ne7 24. Qxf6 Rb6 25. Qf3 f6 26. a4 b4 27. Rxa5 Be5
28. Ra8 Rb8 29. Rxb8 Qxb8 30. Ne6 Rg8 31. Qb3 Nf5 32. Rd1 c5 33. Nxc5 Nd4 34.
Qd3 Rd8 35. Kf1 Ne6 36. Nd7 Qa7 37. Bc6 Bxb2 38. Qf5 Ng7 39. Qb5 Bd4 40. e3 Bc3
41. a5 Ne6 42. Qb6 Qc7 43. Ba4 Qc4+ 44. Kg1 Qa2 45. Qc6 Ng5 46. Kg2 Qe2 47. a6
f5 48. a7 Ne4 49. Rf1 Nd2 50. Bb5 1-0

[Event "Quebec op"]
[Site "Longueuil CAN"]
[Date "2018.07.22"]
[Round "2.11"]
[White "Zhong, Kevin"]
[Black "Lopez Linares, Lizandro"]
[Result "0-1"]
[WhiteElo "1925"]
[BlackElo "2088"]
[PlyCount "96"]
[EventDate "2018.07.21"]
[EventType "swiss"]
[EventRounds "9"]
[EventCountry "CAN"]

1. e4 d5 2. exd5 Qxd5 3. Nc3 Qa5 4. d4 c6 5. Bd2 Bf5 6. Bc4 Nf6 7. Nf3 e6 8.
Nd5 Qd8 9. Nxf6+ gxf6 10. Bb3 Bd6 11. Qe2 Qe7 12. Nh4 Bg6 13. g3 Nd7 14. O-O-O
O-O-O 15. Ng2 Bc7 16. h4 h5 17. Nf4 Bxf4 18. Bxf4 Nb6 19. c4 Rhe8 20. c5 Nd5
21. Bd6 Qd7 22. Qd2 b6 23. Rhe1 Kb7 24. Re2 Ne7 25. Bxe7 Qxe7 26. Qc3 Qc7 27.
Red2 Bf5 28. a4 Rd7 29. Bc2 Rd5 30. Bb3 Rd7 31. Bc2 Bg4 32. f3 Bh3 33. f4 Bg4
34. Re1 f5 35. Bd1 Rg8 36. b4 Bxd1 37. Rexd1 Rd5 38. Re1 Rgd8 39. Red1 Qd7 40.
Kc2 Ka8 41. Qc4 bxc5 42. bxc5 f6 43. Qc3 Rb8 44. Kc1 Rd8 45. Kc2 Qb7 46. Qa5
Rb8 47. Qc3 e5 48. dxe5 Rxc5 0-1

[Event "Quebec op"]
[Site "Longueuil CAN"]
[Date "2018.07.22"]
[Round "2.12"]
[White "Babb, Jeff"]
[Black "Saha, Ananda"]
[Result "0-1"]
[WhiteElo "2054"]
[BlackElo "1950"]
[PlyCount "164"]
[EventDate "2018.07.21"]
[EventType "swiss"]
[EventRounds "9"]
[EventCountry "CAN"]

1. f4 Nf6 2. Nf3 d6 3. d3 g6 4. g3 Bg7 5. Bg2 O-O 6. e4 c5 7. Nc3 Nc6 8. O-O
Rb8 9. h3 b5 10. a3 a5 11. Nh4 Nd4 12. Kh2 e6 13. Ne2 Nxe2 14. Qxe2 Bb7 15. c3
Qb6 16. Be3 b4 17. axb4 axb4 18. g4 Nd7 19. Qd2 Bc6 20. d4 bxc3 21. bxc3 Qb2
22. Ra2 Qxd2 23. Rxd2 Rb3 24. Rc1 c4 25. f5 Ra8 26. Bf4 d5 27. exd5 Bxd5 28.
Bxd5 exd5 29. g5 Raa3 30. Rdc2 Bxd4 31. Rd2 Bxc3 32. Rxd5 Nf8 33. Kg1 f6 34.
Rd8 Bb4 35. fxg6 fxg5 36. gxh7+ Kxh7 37. Bxg5 Rg3+ 38. Kf2 Bc5+ 39. Ke2 Rxg5
40. Rxc4 Re3+ 41. Kd2 Rxh3 42. Kc2 Kh6 43. Rd3 Rxd3 44. Kxd3 Ng6 45. Nxg6 Kxg6
46. Ke4 Be7 47. Rc6+ Bf6 48. Ra6 Rg4+ 49. Kf3 Rb4 50. Ra5 Bb2 51. Ke3 Kf6 52.
Kd3 Be5 53. Ra8 Kf5 54. Rf8+ Ke6 55. Re8+ Kd5 56. Rd8+ Bd6 57. Rh8 Rb3+ 58. Kc2
Rg3 59. Rh4 Bc5 60. Kd2 Bd4 61. Rh5+ Kc4 62. Ke2 Re3+ 63. Kd2 Rf3 64. Ke2 Rf2+
65. Ke1 Ra2 66. Rh3 Bg1 67. Kf1 Bd4 68. Ke1 Kd5 69. Kf1 Ke4 70. Rh4+ Kd3 71.
Rh3+ Be3 72. Rf3 Rh2 73. Rf7 Ke4 74. Ke1 Bd4 75. Kf1 Be3 76. Ke1 Kd3 77. Kf1
Ra2 78. Rf3 Ke4 79. Rf7 Bf4 80. Rb7 Kf3 81. Rb3+ Be3 82. Rb1 Rh2 0-1

[Event "Quebec op"]
[Site "Longueuil CAN"]
[Date "2018.07.22"]
[Round "2.13"]
[White "Yagiz, Bora"]
[Black "Javidfard, Amirsalar"]
[Result "0-1"]
[WhiteElo "1862"]
[BlackElo "1990"]
[PlyCount "64"]
[EventDate "2018.07.21"]
[EventType "swiss"]
[EventRounds "9"]
[EventCountry "CAN"]

1. e4 d6 2. d4 g6 3. Be3 Bg7 4. Nc3 Nf6 5. Nf3 c6 6. Qd2 b5 7. a3 Ng4 8. Bf4 e5
9. dxe5 Nxe5 10. O-O-O Bg4 11. Be2 Bxf3 12. gxf3 Ke7 13. Bh6 Bxh6 14. Qxh6 Qa5
15. f4 Nc4 16. Bxc4 bxc4 17. Qg5+ Qxg5 18. fxg5 h6 19. gxh6 Nd7 20. Rd2 Rxh6
21. f4 Rh4 22. Ne2 Nc5 23. Rd4 c3 24. b4 Ne6 25. Rc4 a5 26. bxa5 Rxa5 27. Rxc3
Nc5 28. Re3 Ne6 29. Rf3 Ra4 30. Nc3 Rc4 31. f5 Nd4 32. fxg6 Nxf3 0-1

[Event "Quebec op"]
[Site "Longueuil CAN"]
[Date "2018.07.22"]
[Round "2.14"]
[White "Zhu, Brandon"]
[Black "Bremner, William"]
[Result "1-0"]
[WhiteElo "1959"]
[BlackElo "1684"]
[PlyCount "117"]
[EventDate "2018.07.21"]
[EventType "swiss"]
[EventRounds "9"]
[EventCountry "CAN"]

1. e4 e6 2. d4 d5 3. exd5 exd5 4. Nf3 Nf6 5. Bd3 Bd6 6. Qe2+ Qe7 7. Qxe7+ Bxe7
8. Bf4 c6 9. h3 O-O 10. O-O h6 11. Re1 Be6 12. Ne5 Nbd7 13. Ng6 Rfe8 14. Nxe7+
Rxe7 15. Nd2 Ree8 16. a4 a5 17. f3 Nh5 18. Bh2 g6 19. g4 Ng7 20. Nb3 b6 21. Nd2
Rac8 22. c3 Ra8 23. Kf2 h5 24. b4 axb4 25. cxb4 hxg4 26. hxg4 c5 27. Bb5 Ra7
28. bxc5 bxc5 29. dxc5 Nxc5 30. Bxe8 Nd3+ 31. Ke2 Nxe1 32. Bb5 Nc2 33. Bg1 Ra5
34. Rc1 Na3 35. Bc6 Ra6 36. Kd3 Nc4 37. Bb5 Ra8 38. Nxc4 dxc4+ 39. Kd4 Ne8 40.
Bh2 Nf6 41. Kc5 Nd7+ 42. Kb4 Nb6 43. Bg1 Rb8 44. Bxb6 Rxb6 45. Kc5 Rb8 46. Bxc4
Rc8+ 47. Kb4 Rb8+ 48. Bb5 g5 49. Rc5 f6 50. a5 Bc8 51. Rc6 Kg7 52. Rb6 Ra8 53.
Bc6 Ra7 54. Kb5 f5 55. Rb8 Bd7 56. Kb6 Bxc6 57. Kxa7 Bxf3 58. gxf5 g4 59. Rb6
1-0

[Event "Quebec op"]
[Site "Longueuil CAN"]
[Date "2018.07.22"]
[Round "2.15"]
[White "Jacquet, Stephane"]
[Black "Durette, Francis"]
[Result "0-1"]
[WhiteElo "1936"]
[BlackElo "2035"]
[PlyCount "84"]
[EventDate "2018.07.21"]
[EventType "swiss"]
[EventRounds "9"]
[EventCountry "CAN"]

1. d4 b6 2. e4 Bb7 3. Bd3 e6 4. Ne2 c5 5. O-O Nf6 6. e5 Nd5 7. Nbc3 Nxc3 8.
bxc3 Qc7 9. Ng3 d5 10. Ba3 Ba6 11. Bxa6 Nxa6 12. Qe2 c4 13. Bxf8 Kxf8 14. f4 g6
15. Qf3 Qd7 16. a4 Nc7 17. Rfb1 Rb8 18. Nf1 h5 19. Ne3 Qe7 20. g4 hxg4 21. Nxg4
Ne8 22. Qg3 Ng7 23. Nf6 Nf5 24. Qf2 Rh3 25. a5 b5 26. a6 Qc7 27. Kg2 Re3 28.
Qd2 Qd8 29. Re1 Nh4+ 30. Kh1 Rh3 31. Re2 Kg7 32. Rf1 Qh8 33. Re3 Nf5 34. Rxh3
Qxh3 35. Rf2 Rh8 36. Qe1 Nh4 37. Qd2 Nf5 38. Qe1 Qg3 39. Qd2 Rh3 40. Nd7 Qxc3
41. Qxc3 Rxc3 42. Re2 Ne3 0-1

[Event "Quebec op"]
[Site "Longueuil CAN"]
[Date "2018.07.22"]
[Round "2.16"]
[White "Bouton, Christophe"]
[Black "Auger, Bertrand"]
[Result "1-0"]
[WhiteElo "2016"]
[BlackElo "1935"]
[PlyCount "57"]
[EventDate "2018.07.21"]
[EventType "swiss"]
[EventRounds "9"]
[EventCountry "CAN"]

1. c4 c5 2. g3 Nc6 3. Bg2 Nf6 4. Nf3 g6 5. Nc3 Bg7 6. O-O O-O 7. d4 cxd4 8.
Nxd4 Nxd4 9. Qxd4 d6 10. Qd3 Nd7 11. b3 Ne5 12. Qd2 Rb8 13. Bb2 Bd7 14. Rad1
Bc6 15. Nd5 Re8 16. Bd4 e6 17. Nc3 Bxg2 18. Kxg2 a6 19. h3 Qa5 20. f4 Bh6 21.
Ne4 Qxd2 22. Nf6+ Kf8 23. Rxd2 Rec8 24. e3 Nc6 25. Nd7+ Ke7 26. Nxb8 Rxb8 27.
Bb6 Rc8 28. Rfd1 e5 29. Rxd6 1-0

[Event "Quebec op"]
[Site "Longueuil CAN"]
[Date "2018.07.22"]
[Round "2.17"]
[White "Saine, Zachary"]
[Black "Abdelaal, Ibrahim"]
[Result "1-0"]
[WhiteElo "1899"]
[BlackElo "2007"]
[PlyCount "109"]
[EventDate "2018.07.21"]
[EventType "swiss"]
[EventRounds "9"]
[EventCountry "CAN"]

1. e4 d5 2. exd5 Nf6 3. d4 Nxd5 4. Nf3 Bg4 5. Be2 e6 6. O-O Be7 7. c4 Nf6 8.
Nc3 O-O 9. Be3 Nbd7 10. Ne5 Bxe2 11. Qxe2 c5 12. Rad1 cxd4 13. Bxd4 Qc8 14. a3
Nxe5 15. Bxe5 Qc6 16. Nb5 a6 17. Bd6 Bxd6 18. Rxd6 Qe4 19. Nc3 Qf4 20. Rfd1
Rac8 21. R6d4 Qf5 22. b4 h6 23. f3 Rc6 24. Ne4 Nxe4 25. Qxe4 Qxe4 26. Rxe4 Rfc8
27. Rd7 R8c7 28. Rd8+ Kh7 29. c5 b6 30. cxb6 Rxb6 31. Kf2 Rbc6 32. a4 Rc2+ 33.
Re2 R2c4 34. Rb8 Rd7 35. Rb2 Rdd4 36. a5 Rd6 37. Ra2 Rcc6 38. b5 axb5 39. Rxb5
Ra6 40. Rab2 Rd8 41. Ke3 Kg6 42. Rd2 Rda8 43. Ra2 Rd8 44. Rb6 Ra7 45. a6 Rda8
46. Kd4 Kf6 47. Kc5 Ke5 48. Ra4 Rc7+ 49. Rc6 Rd7 50. Ra5 Raa7 51. Kb6+ Kf6 52.
Rac5 Ra8 53. Rc7 Rd6+ 54. R5c6 Rdd8 55. a7 1-0

[Event "Quebec op"]
[Site "Longueuil CAN"]
[Date "2018.07.22"]
[Round "2.18"]
[White "Currie, James"]
[Black "Wu, Tony (Dongze)"]
[Result "0-1"]
[WhiteElo "2006"]
[BlackElo "1883"]
[PlyCount "132"]
[EventDate "2018.07.21"]
[EventType "swiss"]
[EventRounds "9"]
[EventCountry "CAN"]

1. e4 c5 2. Nf3 d6 3. d3 Nc6 4. g3 g6 5. Bg2 Bg7 6. O-O e6 7. Nbd2 Nge7 8. Re1
O-O 9. a4 Qc7 10. Nc4 Na5 11. Nxa5 Qxa5 12. Bd2 Qb6 13. Bc3 Bxc3 14. bxc3 Qa5
15. Qd2 Bd7 16. Qh6 f6 17. Qd2 Rac8 18. Bh3 Nc6 19. Reb1 b6 20. Ra2 Rf7 21. Rb5
Qa6 22. d4 Na5 23. Qe2 Re8 24. c4 Bxb5 25. axb5 Qb7 26. Qd3 f5 27. Ng5 Rfe7 28.
Bg2 Qc8 29. d5 e5 30. Bh3 Rf8 31. Ra1 h6 32. Ne6 Rxe6 33. dxe6 Qxe6 34. Ra4 Kg7
35. Bg2 f4 36. Ra1 g5 37. Bf1 f3 38. Rd1 Rf6 39. h3 Kf8 40. Kh2 h5 41. Qe3 Qg8
42. Rd5 Ke7 43. Qa3 Qg6 44. Qe3 g4 45. h4 Qh6 46. Qa3 Rf8 47. Rd1 Ra8 48. Qd3
Qe6 49. Qd2 Rg8 50. Ra1 Rg6 51. Rxa5 bxa5 52. Qxa5 Qd7 53. Bd3 Qb7 54. Kg1 Qb6
55. Qa2 Rg8 56. Kf1 a6 57. Ke1 Rg7 58. Qb1 Ke8 59. Qc1 Rg6 60. Qa1 Rg7 61. Qc1
Qa5+ 62. Kf1 axb5 63. cxb5 Ra7 64. Qe1 Qa1 65. b6 Qxe1+ 66. Kxe1 Rb7 0-1

[Event "Quebec op"]
[Site "Longueuil CAN"]
[Date "2018.07.22"]
[Round "2.19"]
[White "Bouchard, Jean-Marc"]
[Black "Zheng, Richard"]
[Result "0-1"]
[WhiteElo "1892"]
[BlackElo "1986"]
[PlyCount "82"]
[EventDate "2018.07.21"]
[EventType "swiss"]
[EventRounds "9"]
[EventCountry "CAN"]

1. Nf3 d5 2. g3 Nf6 3. Bg2 e6 4. d3 c5 5. O-O Nc6 6. Nbd2 Be7 7. Re1 O-O 8. e4
b6 9. e5 Ne8 10. Nf1 Nc7 11. d4 f5 12. exf6 Bxf6 13. c3 cxd4 14. Nxd4 Nxd4 15.
cxd4 Nb5 16. Be3 Bd7 17. a4 Nd6 18. Bf4 Nf5 19. Be5 Rc8 20. Ne3 Bxe5 21. Nxf5
Rxf5 22. dxe5 Qe7 23. Qd2 Rff8 24. a5 b5 25. a6 Qc5 26. Rec1 Qb6 27. Rxc8 Bxc8
28. b4 Bd7 29. Ra3 Rf5 30. Qe3 d4 31. Qe2 Qc7 32. Rd3 Rxe5 33. Qd2 Qc4 34. Bf1
Rd5 35. Rf3 Qc7 36. Bd3 Bc8 37. Be4 Rd8 38. Qd3 g6 39. Rf6 Qe7 40. Rf3 Qxb4 41.
h4 Qc5 0-1

[Event "Quebec op"]
[Site "Longueuil CAN"]
[Date "2018.07.22"]
[Round "2.20"]
[White "Boulay, David"]
[Black "Acosta, Mariano"]
[Result "1-0"]
[WhiteElo "1971"]
[BlackElo "1802"]
[PlyCount "95"]
[EventDate "2018.07.21"]
[EventType "swiss"]
[EventRounds "9"]
[EventCountry "CAN"]

1. d4 d6 2. Nf3 Nf6 3. g3 Nbd7 4. Bg2 e5 5. O-O Be7 6. c4 O-O 7. Nc3 c6 8. e4
Re8 9. Re1 Bf8 10. h3 g6 11. b3 Qc7 12. Bb2 Bg7 13. Rc1 a5 14. Na4 b6 15. Rc2
exd4 16. Nxd4 Nc5 17. Nc3 Bb7 18. Rce2 Ne6 19. Na4 Rad8 20. Qa1 Nh5 21. Nxe6
Rxe6 22. Bxg7 Nxg7 23. Qd4 b5 24. cxb5 cxb5 25. Nc3 b4 26. Nd5 Bxd5 27. Qxd5
Re5 28. Qd3 Ne6 29. f4 Rc5 30. Kh2 Rc3 31. Qd5 Rc5 32. Qd2 f6 33. Rd1 Kf7 34.
h4 Ke7 35. f5 Nf8 36. Qh6 Ke8 37. Rf1 Qe7 38. Ref2 gxf5 39. Rxf5 Rxf5 40. Rxf5
a4 41. Rxf6 axb3 42. axb3 Ng6 43. Rf5 Ne5 44. Rg5 Ng6 45. h5 Nf8 46. e5 Rc8 47.
exd6 Qe2 48. Qf6 1-0

[Event "Quebec op"]
[Site "Longueuil CAN"]
[Date "2018.07.22"]
[Round "2.21"]
[White "Vignalou, Joseph"]
[Black "Poulin, Maurice"]
[Result "0-1"]
[WhiteElo "1754"]
[BlackElo "1970"]
[PlyCount "74"]
[EventDate "2018.07.21"]
[EventType "swiss"]
[EventRounds "9"]
[EventCountry "CAN"]

1. e4 g6 2. d4 Bg7 3. c4 Nc6 4. Ne2 d6 5. Nbc3 e5 6. d5 Nce7 7. Ng3 Bh6 8. Bxh6
Nxh6 9. Qd2 Neg8 10. O-O-O a6 11. Bd3 Bd7 12. f4 exf4 13. Qxf4 Ng4 14. Rhf1 Ne5
15. Nge2 Bg4 16. h3 Bxe2 17. Bxe2 Qe7 18. c5 Kf8 19. Kb1 Kg7 20. cxd6 cxd6 21.
h4 h5 22. Rc1 b5 23. Rc2 Nf6 24. Qe3 Nfd7 25. Rfc1 Rhc8 26. g4 hxg4 27. Qd4
Qxh4 28. Bxb5 axb5 29. Nxb5 Rxc2 30. Rxc2 Qe1+ 31. Rc1 Qa5 32. Nc3 Rc8 33. a3
Rc4 34. Qe3 Rc8 35. Rh1 Rh8 36. Rxh8 Kxh8 37. Qh3+ Kg8 0-1

[Event "Quebec op"]
[Site "Longueuil CAN"]
[Date "2018.07.05"]
[Round "2.22"]
[White "Goldner, John"]
[Black "Trottier, Alain"]
[Result "0-1"]
[WhiteElo "1743"]
[BlackElo "1966"]
[PlyCount "90"]
[EventDate "2018.07.21"]
[EventType "swiss"]
[EventRounds "9"]
[EventCountry "CAN"]

1. e4 c6 2. d4 d5 3. e5 Bf5 4. h4 h6 5. g4 Bd7 6. h5 e6 7. Be3 Qb6 8. b3 Na6 9.
a3 Rc8 10. b4 Ne7 11. Nc3 Nb8 12. Na4 Qc7 13. Nc5 b6 14. Nb3 Qb7 15. Qf3 a5 16.
Qf4 a4 17. Nd2 c5 18. bxc5 bxc5 19. Rb1 Qa8 20. c3 cxd4 21. Bxd4 Nbc6 22. Rh3
Rb8 23. Rxb8+ Qxb8 24. Rf3 Nd8 25. Nh3 Qb2 26. c4 Qc1+ 27. Ke2 dxc4 28. Ne4
Qc2+ 29. Ke1 Nd5 30. Rc3 Nxc3 31. Bxc3 Bxa3 32. Bxc4 Qc1+ 33. Qxc1 Bxc1 34.
Nd6+ Kf8 35. Bb4 Nc6 36. Bc3 a3 37. Ba2 Ke7 38. Kd1 Bb2 39. Bxb2 axb2 40. Nc4
Rb8 41. Bb1 Rb4 42. Ne3 Nxe5 43. f4 Nc4 44. Nc2 Ba4 45. Nf2 Bxc2+ 0-1

[Event "Quebec op"]
[Site "Longueuil CAN"]
[Date "2018.07.22"]
[Round "2.23"]
[White "Lemieux, Serge"]
[Black "Turcotte, Jonathan"]
[Result "1/2-1/2"]
[WhiteElo "1702"]
[BlackElo "1941"]
[PlyCount "47"]
[EventDate "2018.07.21"]
[EventType "swiss"]
[EventRounds "9"]
[EventCountry "CAN"]

1. e4 c6 2. d4 d5 3. exd5 cxd5 4. Bd3 Nc6 5. c3 Qc7 6. h3 Nf6 7. Ne2 Bd7 8. Bf4
e5 9. dxe5 Nxe5 10. O-O Bd6 11. Re1 O-O 12. Bg3 Ne4 13. Bxe4 dxe4 14. Bxe5 Bxe5
15. Nd4 f5 16. Qb3+ Kh8 17. Ne6 Bxe6 18. Qxe6 Rae8 19. Qb3 Rd8 20. Na3 a6 21.
Nc4 Bh2+ 22. Kh1 b5 23. Ne3 Rd2 24. Nf1 1/2-1/2

[Event "Quebec op"]
[Site "Longueuil CAN"]
[Date "2018.07.22"]
[Round "3.1"]
[White "Edouard, Romain"]
[Black "Cherniaev, Alexander"]
[Result "1-0"]
[WhiteElo "2638"]
[BlackElo "2421"]
[PlyCount "61"]
[EventDate "2018.07.21"]
[EventType "swiss"]
[EventRounds "9"]
[EventCountry "CAN"]

1. e4 c5 2. Nf3 Nc6 3. Bb5 e6 4. O-O Nge7 5. d4 cxd4 6. Nxd4 Qb6 7. Bxc6 Nxc6
8. Nb3 Be7 9. Bf4 e5 10. Be3 Qd8 11. c4 d6 12. Nc3 O-O 13. Qe2 f5 14. exf5 Bxf5
15. Rad1 Qe8 16. Nd5 Bd8 17. f3 b6 18. Nc3 Qg6 19. Qd2 Be6 20. Qxd6 Bxc4 21.
Qxg6 hxg6 22. Rfe1 Bh4 23. Bf2 Bxf2+ 24. Kxf2 Bxb3 25. axb3 Rad8 26. Ne4 Rfe8
27. Rxd8 Rxd8 28. Rc1 Nd4 29. Rc7 Nb5 30. Re7 Rd3 31. Re8+ 1-0

[Event "Quebec op"]
[Site "Longueuil CAN"]
[Date "2018.07.22"]
[Round "3.7"]
[White "Prahov, Valentin"]
[Black "Zhu, Brandon"]
[Result "0-1"]
[WhiteElo "2105"]
[BlackElo "1959"]
[PlyCount "98"]
[EventDate "2018.07.21"]
[EventType "swiss"]
[EventRounds "9"]
[EventCountry "CAN"]

1. e4 e5 2. d4 exd4 3. Qxd4 Nc6 4. Qe3 Nf6 5. Nc3 Bb4 6. Bd2 O-O 7. O-O-O Re8
8. Qg3 Nxe4 9. Nxe4 Rxe4 10. Bxb4 Nxb4 11. a3 Nc6 12. Bd3 Re8 13. Nf3 h6 14.
Rhe1 Rxe1 15. Rxe1 d6 16. Qf4 Bd7 17. g4 Qf6 18. Qxf6 gxf6 19. h3 Ne5 20. Be4
c6 21. Nh4 Re8 22. Re3 Nc4 23. Re2 d5 24. Bd3 Rxe2 25. Bxe2 Nd6 26. Bd3 Kg7 27.
Nf5+ Nxf5 28. Bxf5 Be6 29. c3 h5 30. Kd2 hxg4 31. Bxg4 Bxg4 32. hxg4 f5 33. f3
fxg4 34. fxg4 Kg6 35. Ke3 Kg5 36. Kf3 c5 37. b4 b6 38. bxc5 bxc5 39. a4 a5 40.
Kg3 d4 41. cxd4 cxd4 42. Kf3 d3 43. Ke3 d2 44. Kxd2 Kxg4 45. Ke2 Kg3 46. Kf1
Kf3 47. Ke1 f5 48. Kf1 f4 49. Ke1 Kg2 0-1